| 000 | 00754nam a2200241 a 4500 | ||
|---|---|---|---|
| 001 | BRCA_8860 | ||
| 005 | 20190320210434.0 | ||
| 008 | 290517s2016----fr-a######---#000-0#fre-# | ||
| 020 | _a9782343100517 | ||
| 041 | _afre | ||
| 044 | _afr | ||
| 050 | 4 |
_aHE859 _b.P35 2016 |
|
| 100 | 1 |
_aPalazuelos Mazars, Beatriz _922064 |
|
| 245 | 1 | 0 |
_aAcapulco et le Galion de Manille _bla réalité quotidienne d´un port au XVIIe siecle _cBeatriz Palazuelos Mazars. |
| 260 |
_aParís _bL´Harmattan _c2016 |
||
| 300 |
_a256 p. _bil. _c24 cm. |
||
| 500 | _aIncluye índice de nombres de personas | ||
| 504 | _aBibliografía : p. 231-243 | ||
| 650 | 1 | 4 |
_aGaleones _921294 |
| 650 | 1 | 4 |
_aGaleón de Manila (Barco) _92604 |
| 650 | 1 | 4 |
_aNavegación _915772 |
| 942 |
_2lcc _cB |
||
| 999 |
_c8511 _d8511 |
||